<?xml version="1.0" encoding="UTF-8"?>
<marc:record xmlns:marc="http://www.loc.gov/MARC21/slim">
   <marc:leader>00000nam a2200000 a 4500</marc:leader>
   <marc:datafield ind1="1" ind2=" " tag="100">
      <marc:subfield code="a">Bernard, George</marc:subfield>
      <marc:subfield code="4">ctb</marc:subfield>
      <marc:subfield code="e">Mitwirkende/-r</marc:subfield>
   </marc:datafield>
   <marc:datafield ind1="1" ind2=" " tag="100">
      <marc:subfield code="a">Wieviorka, Olivier</marc:subfield>
      <marc:subfield code="4">ctb</marc:subfield>
      <marc:subfield code="e">Mitwirkende/-r</marc:subfield>
   </marc:datafield>
   <marc:datafield ind1=" " ind2=" " tag="653">
      <marc:subfield code="a">DVD-Video</marc:subfield>
   </marc:datafield>
   <marc:datafield ind1="0" ind2="0" tag="245">
      <marc:subfield code="a">Schattenkämper - Europäischer Widerstand im Zweiten Weltkrieg</marc:subfield>
   </marc:datafield>
   <marc:datafield ind1=" " ind2="1" tag="264">
      <marc:subfield code="a">Berlin</marc:subfield>
      <marc:subfield code="b">Absolut Medien</marc:subfield>
      <marc:subfield code="c">2011</marc:subfield>
   </marc:datafield>
   <marc:datafield ind1=" " ind2=" " tag="250">
      <marc:subfield code="a">1., Auflage</marc:subfield>
   </marc:datafield>
   <marc:datafield ind1="1" ind2=" " tag="520">
      <marc:subfield code="a">Angaben aus der Verlagsmeldung

Schattenkämper - Europäischer Widerstand im Zweiten Weltkrieg

Gehörten sie auch unterschiedlichen Staaten und politischen Lagern an, ihr Kampf gegen Unterdrückung und Barbarei war ein gemeinsamer. Ihre Länder waren in der Mehrzahl besetzt, andere kämpften aus dem Exil und wenige sogar in Nazi-Deutschland. Die Geschichte des Widerstands im Zweiten Weltkrieg ist eine europaweite: ausgehend vom spontanen Ungehorsam über organisierten, zunehmend radikalen Widerstand bis zur Vorbereitung der Nachkriegsordnung in den letzten Kriegsmonaten – und alle hörten als gemeinsame Stimme BBC News. Mit letzten Zeitzeugen aus zwölf Ländern zeichnen die Filmemacher eine einzigartige Geschichte der Opposition und Rebellion auf, der systematischen Infiltration und grausamer Massaker, heldenhafter Rettungsaktionen, unversöhnlicher Flügelkämpfe und eines verzweifelten Überlebenswillens.
</marc:subfield>
   </marc:datafield>
   <marc:datafield ind1=" " ind2=" " tag="020">
      <marc:subfield code="a">9783898480970</marc:subfield>
      <marc:subfield code="9">9783898480970</marc:subfield>
   </marc:datafield>
   <marc:datafield ind1=" " ind2=" " tag="041">
      <marc:subfield code="a">ger</marc:subfield>
   </marc:datafield>
   <marc:datafield ind1=" " ind2=" " tag="300">
      <marc:subfield code="a">2 DVD-Videos</marc:subfield>
   </marc:datafield>
</marc:record>
